000 01131cad a22003015a 4500
001 E151723
008 101206s2010 xxk f 100 0 eng d
020 _a9781842196199
035 _a(Sirsi) u151723
041 0 _aeng
100 1 _aCavan, Gina
111 2 _aConstruction and Building Research Conference
_cDauphine Universite, Paris
_d2-3 September 2010
245 0 0 _aClimate change and urban areas
_bdevelopment of a climate change risk and vulnerability assessment tool
_h[electronic resource]
260 _aLondon
_bRICS
_c2010
520 _aA paper presented at the COBRA Conference in Paris on 2-3 September 2010.
590 _aKA
650 2 4 _aCONSTRUCTION AND BUILDING RESEARCH CONFERENCE (COBRA)
651 4 _aUnited Kingdom
_y
690 _aENVIRONMENTAL AND LAND CONSULTANCY-ENERGY
700 1 _aKingston, Richard
700 1 _aLindley, Sarah
700 1 _aKazmierczak, Aleksandra
700 1 _aCarter, Jeremy
700 1 _aGong, Yi
700 1 _aHandley, John
856 4 0 _uhttps://www.rics.org/site/scripts/download_info.aspx?fileID=7820&categoryID=720
_zBroken link - not available
942 _n0
999 _c111571
_d111571